Oración pronunciada por Tomás Cámara y Castro en la inhumación de los restos del Gran Duque de Alba en su sepulcro del Convento de San Esteban, de aquella ciudad el día 8 de Junio de 1895. (Record no. 38769)
[ view plain ]
| 000 -LEADER | |
|---|---|
| campo de control de longitud fija | 00768nam a2200181 i 4500 |
| 001 - NÚMERO DE CONTROL | |
| campo de control | 38769 |
| 003 - IDENTIFICADOR DE NÚMERO DE CONTROL | |
| campo de control | ES-MaACL |
| 005 - FECHA Y HORA DE LA ÚLTIMA TRANSACCIÓN | |
| campo de control | 20251010165734.0 |
| 007 - CAMPO FIJO DE DESCRIPCIÓN FÍSICA--INFORMACIÓN GENERAL | |
| campo de control de longitud fija | t| |
| 008 - DATOS DE LONGITUD FIJA--INFORMACIÓN GENERAL | |
| campo de control de longitud fija | 030226s1896 sp ||||1| spa d |
| 100 1# - ENTRADA PRINCIPAL--NOMBRE DE PERSONA | |
| Nombre de persona | Cámara y Castro, Tomás, |
| Fechas asociadas al nombre | 1847-1904 |
| 9 (RLIN) | 33998 |
| 245 10 - MENCIÓN DEL TÍTULO | |
| Título | Oración pronunciada por Tomás Cámara y Castro en la inhumación de los restos del Gran Duque de Alba en su sepulcro del Convento de San Esteban, de aquella ciudad el día 8 de Junio de 1895. |
| 260 ## - PUBLICACIÓN, DISTRIBUCIÓN, ETC. | |
| Lugar de publicación, distribución, etc. | Madrid : |
| Nombre del editor, distribuidor, etc. | [s.n.], |
| Fecha de publicación, distribución, etc. | 1896 ( |
| Fabricante | Estab. Tip. "Sucesores de Rivadeneyra") |
| 300 ## - DESCRIPCIÓN FÍSICA | |
| Extensión | 25 p., [1] h. de lám. ; |
| Dimensiones | 22 cm. |
| 600 17 - PUNTO DE ACCESO ADICIONAL DE MATERIA--NOMBRE DE PERSONA | |
| Nombre de persona | Alba, Fernando Álvarez de Toledo, |
| Títulos y otros términos asociados al nombre | Duque de, |
| Fechas asociadas al nombre | 1507-1582- |
| Subdivisión general | Exequias |
| Fuente del encabezamiento o término | |
| 9 (RLIN) | 163814 |
| 852 ## - LOCALIZACIÓN | |
| Ubicación | ES-MaACL |
| Número de control de estantería | T-792-F-2 |
| Estatus retirado | Estado de pérdida | Estado de daño | No para préstamo | Colección | Biblioteca de origen | Biblioteca actual | Ubicación en estantería | Fecha de adquisición | Fuente de adquisición | Total de préstamos | Signatura topográfica completa | Código de barras | Visto por última vez | Precio de reemplazo | Tipo de ítem Koha |
|---|---|---|---|---|---|---|---|---|---|---|---|---|---|---|---|
| Colección de folletos | Biblioteca del Ateneo de Madrid | Biblioteca del Ateneo de Madrid | Depósito folletos | 17/01/2008 | T-792-F-2 | 1040825 | 23/02/2023 | 23/02/2023 | Folleto |
